Catalog

Record Details

Catalog Search



Hi! Fly Guy Cover Image CD Audiobook CD Audiobook

Hi! Fly Guy [sound recording] / by Tedd Arnold ; narrated by Skip Hinnant ; music by Doug Katsaros ; directed by Cheryl Smith.

Arnold, Tedd. (Author). Hinnant, Skip. (Added Author). Katsaros, Doug. (Added Author). Smith, Cheryl. (Added Author).

Summary:

When Buzz captures a fly to enter in The Amazing Pet Show, his parents and the judges tell him that a fly cannot be a pet, but Fly Guy proves them wrong.

Record details

  • ISBN: 054509139X (set)
  • ISBN: 9780545091398 (set)
  • ISBN: 0439853117 (pbk.)
  • ISBN: 9780439853118 (pbk.)
  • ISBN: 0545102383 (CD)
  • ISBN: 9780545102384 (CD)
  • Physical Description: 1 sound disc : digital, stereo. ; 4 3/4 in. + 1 book (30 pages) : color illustrations ; 23 cm.
  • Publisher: New York : Scholastic Audio, c2006.

Content descriptions

Formatted Contents Note:
Track 1. Story with page-turn signals (5:38) -- Track 2. Story without page-turn signals (5:38).
Subject: Flies > Juvenile fiction.
Pet shows > Juvenile fiction.

LDR 01510cim a2200373Ia 4500
001118115
003CONS
00520140703073256.0
007sd fsngnnmmneu
008080827s2006 nyunnnnj f n eng d
020 . ‡a054509139X (set)
020 . ‡a9780545091398 (set)
020 . ‡a0439853117 (pbk.)
020 . ‡a9780439853118 (pbk.)
020 . ‡a0545102383 (CD)
020 . ‡a9780545102384 (CD)
02802. ‡a0-545-10238-3 ‡bScholastic Audio
035 . ‡a(CPomAG)LMN317421
05014. ‡aPZ7.A7379 ‡bHi 2006
1001 . ‡aArnold, Tedd.
24510. ‡aHi! Fly Guy ‡h[sound recording] / ‡cby Tedd Arnold ; narrated by Skip Hinnant ; music by Doug Katsaros ; directed by Cheryl Smith.
260 . ‡aNew York : ‡bScholastic Audio, ‡cc2006.
300 . ‡a1 sound disc : ‡bdigital, stereo. ; ‡c4 3/4 in. + ‡e1 book (30 pages) : color illustrations ; 23 cm.
440 0. ‡aScholastic bookself
520 . ‡aWhen Buzz captures a fly to enter in The Amazing Pet Show, his parents and the judges tell him that a fly cannot be a pet, but Fly Guy proves them wrong.
5050 . ‡aTrack 1. Story with page-turn signals (5:38) -- Track 2. Story without page-turn signals (5:38).
650 0. ‡aFlies ‡vJuvenile fiction.
650 0. ‡aPet shows ‡vJuvenile fiction.
7001 . ‡aHinnant, Skip.
7001 . ‡aKatsaros, Doug.
7001 . ‡aSmith, Cheryl.
914 . ‡aSCP_ds
959 . ‡i32269000868524 ‡lE Arn ‡aJuvenile - Easy ‡tEasy ‡g19.00
852 . ‡p32269000868524 ‡jE Arn ‡gJuvenile - Easy ‡cEasy ‡y19.00 ‡bSBPL
901 . ‡a118115 ‡bUnknown ‡c118115 ‡tbiblio

Additional Resources